| Tag |
First Indicator |
Second Indicator |
Subfields |
| LEADER |
00000cam a2200000 i 4500 |
| 001 |
in00005671821 |
| 008 |
240725t20242024gw a 000 0 eng d |
| 005 |
20251206181938.9 |
| 010 |
|
|
|a 2023525469
|
| 035 |
|
|
|a (OCoLC)on1449625045
|
| 040 |
|
|
|a YDX
|b eng
|e rda
|c YDX
|d OHX
|d JPG
|d NYP
|d OCLCO
|d DLC
|d IG#
|d EEM
|
| 019 |
|
|
|a 1492337912
|
| 020 |
|
|
|a 9783735609908
|
| 020 |
|
|
|a 3735609902
|
| 035 |
|
|
|a (OCoLC)1449625045
|z (OCoLC)1492337912
|
| 043 |
|
|
|a e-sw---
|
| 050 |
|
4 |
|a TR660.5
|b .M66 2024
|
| 245 |
0 |
0 |
|a Florence Montmare :
|b scenes from an island /
|c creative direction, Anders Weinar ; text authors, Ingmar Bergman Jr., Nancy Hall-Duncan, Natasha Chuk.
|
| 246 |
3 |
0 |
|a Scenes from an island
|
| 264 |
|
1 |
|a Bielefeld :
|b Kerber,
|c [2024]
|
| 264 |
|
4 |
|c ©2024
|
| 300 |
|
|
|a 1 volume (unpaged) :
|b illustrations (chiefly color) ;
|c 26 x 31 cm.
|
| 336 |
|
|
|a text
|b txt
|2 rdacontent
|
| 336 |
|
|
|a still image
|b sti
|2 rdacontent
|
| 337 |
|
|
|a unmediated
|b n
|2 rdamedia
|
| 338 |
|
|
|a volume
|b nc
|2 rdacarrier
|
| 490 |
1 |
|
|a Kerber photo
|
| 500 |
|
|
|a Title from cover.
|
| 520 |
|
|
|a "Scenes from an Island is the second monograph by Florence Montmare. This collection of photographs and texts was created between 2014 and 2024, during various stays at the Ingmar Bergman Estate on the Swedish island of Fårö. Divided into three acts, Montmare's series examines the vulnerability of humankind and nature, as reflected in the climate crisis and global conflicts. Set against the dramatic island landscape, which already served Bergman as a source of inspiration and a backdrop for his films, islanders and refugees become protagonists in a photographic reflection on the existential issues of our time." --Publisher's description.
|
| 600 |
1 |
0 |
|a Montmare, Florence.
|
| 650 |
|
0 |
|a Landscape photography
|z Sweden
|z Fårö.
|
| 650 |
|
0 |
|a Nature photography
|z Sweden
|z Fårö.
|
| 650 |
|
0 |
|a Photography, Artistic.
|
| 651 |
|
0 |
|a Fårö (Sweden)
|v Pictorial works.
|
| 650 |
|
6 |
|a Photographie de paysages
|z Suède
|z Fårön.
|
| 650 |
|
6 |
|a Photographie de la nature
|z Suède
|z Fårön.
|
| 650 |
|
6 |
|a Photographie artistique.
|
| 651 |
|
6 |
|a Fårön (Suède)
|v Ouvrages illustrés.
|
| 650 |
|
7 |
|a art photography.
|2 aat
|
| 655 |
|
7 |
|a photobooks.
|2 aat
|
| 655 |
|
7 |
|a Photobooks.
|2 lcgft
|
| 655 |
|
7 |
|a Livres de photographies.
|2 rvmgf
|
| 700 |
1 |
|
|a Montmare, Florence,
|e photographer.
|
| 700 |
1 |
|
|a Weinar, Anders,
|e editor.
|
| 700 |
1 |
|
|a Bergman, Ingmar,
|c Jr.,
|d 1951-
|e writer of added commentary.
|
| 700 |
1 |
|
|a Hall-Duncan, Nancy,
|e writer of added commentary.
|1 https://id.oclc.org/worldcat/entity/E39PCjKw8QKGgXRwjpPJkJbqkP
|
| 700 |
1 |
|
|a Chuk, Natasha,
|e writer of added commentary.
|1 https://id.oclc.org/worldcat/entity/E39PCjDfFrhqHkFwRFmGcGYtrq
|
| 830 |
|
0 |
|a Kerber photoart.
|
| 852 |
8 |
|
|b POD
|z This title is available for the library to purchase for your use. Click the "Purchase It For Me" button to place a request. This item will take 5-10 business days to arrive.
|
| 955 |
|
|
|a Print PDA title
|
| 961 |
|
|
|m 565730
|
| 999 |
f |
f |
|s 3e61d91e-2e55-4c85-9c9c-8c513598b823
|i 4a8b9656-dd7c-4a7f-9ea9-15a7d1e893cf
|t 0
|
| 952 |
f |
f |
|a Texas A&M University
|b College Station
|c Sterling C. Evans Library
|d Purchase on Demand
|t 0
|e TR660.5 .M66 2024
|h Library of Congress classification
|
| 998 |
f |
f |
|a TR660.5 .M66 2024
|t 0
|l Purchase on Demand
|